000 00725nam a2200253 a 4500
001 74844
003 BD-RjUL
005 20211209082618.0
008 170423s1962 paua 001 0 eng
035 _a(BD-RjUL)
040 _aDLC
_cDLC
_dBD-RjUL
_beng
041 _aeng
082 _a570
_223
_bVIB 1962
100 1 _aVillee, Claude Alvin,
_d1917-
_9209956
245 0 0 _aBiology /
_cClaude A. Villee , Eldra Pearl and P. William Davis
260 _aPhiladelphia :
_bSaunders,
_cc1985
300 _axvi, 1206 p. :
_bill. ;
_c29 cm.
500 _aIncludes index
650 0 _aBiology.
_9209957
700 _a Pearl, Eldra
_9225889
700 _aDavis, P. William
_9225890
942 _2ddc
_cBK
999 _c74844
_d74844